000 00261nmm a2200085Ia 4500
008 220120s9999||||xx |||||||||||||||||und||
100 _aDIGIT SEPTEMBER 2010
_911229
245 0 _a1000 mega wallpaper collection, short films
260 _aNine dot nine interactive ltd.
999 _c139497
_d139497